Mezinárodní vztahy ve vývoji sociálněpolitického myšlení

Základná systematizácia vkladu, ktorý do teórie medzinárodných vzťahov vniesol Atéňan Thukydides, Marcus Tullius Cicero, Emmerich de Vattel, Thomas Hobbes, John Locke, Hugo Grotius, David Hume a Imanuel Kant. Zárodky teórie medzinárodných vzťahov v staroveku, stredoveku a novoveku.

Na minha lista:
Detalhes bibliográficos
Autor principal: Novotný, Adolf
Formato: Capítulo de Livro
Idioma:tcheco
Assuntos:
Tags: Adicionar Tag
Sem tags, seja o primeiro a adicionar uma tag!

MARC

LEADER 00000naa$a2200000$$$4500
001 0041193
005 20230922122201.7
041 0 |a cze 
044 |a SK 
245 1 0 |a Mezinárodní vztahy ve vývoji sociálněpolitického myšlení  |c Adolf Novotný 
520 |a Základná systematizácia vkladu, ktorý do teórie medzinárodných vzťahov vniesol Atéňan Thukydides, Marcus Tullius Cicero, Emmerich de Vattel, Thomas Hobbes, John Locke, Hugo Grotius, David Hume a Imanuel Kant. Zárodky teórie medzinárodných vzťahov v staroveku, stredoveku a novoveku. 
610 2 0 |a vzťahy medzinárodné 
610 2 0 |a história 
610 2 0 |a dejiny myslenia ekonomického 
610 2 0 |a filozofia 
610 2 0 |a terminológia 
100 1 |a Novotný, Adolf